Implementácia prvkov cvičnej firmy do predmetu Ekonomické cvičenia

Integrácia výučby ekonomických predmetov. Výchovno - vzdelávací cieľ predmetu. Vyučovacie metódy a prostriedky. Cvičná firma (CF). Možnosti prepojenia prvkov cvičnej firmy do ekonomických cvičení. Aplikácia prvkov cvičnej firmy v EKC.

Saved in:
Bibliographic Details
Main Author: Halienková, Alenka
Format: Book Chapter
Language:Slovak
Subjects:
Tags: Add Tag
No Tags, Be the first to tag this record!

MARC

LEADER 00000nla$a2200000$$$4500
001 0073639
005 20231215103753.7
041 0 |a slo 
044 |a SK 
245 1 0 |a Implementácia prvkov cvičnej firmy do predmetu Ekonomické cvičenia  |c Alenka Halienková 
520 |a Integrácia výučby ekonomických predmetov. Výchovno - vzdelávací cieľ predmetu. Vyučovacie metódy a prostriedky. Cvičná firma (CF). Možnosti prepojenia prvkov cvičnej firmy do ekonomických cvičení. Aplikácia prvkov cvičnej firmy v EKC. 
610 2 0 |a vyučovanie 
610 2 0 |a vzdelávanie 
610 2 0 |a učitelia 
610 2 0 |a predmety učebné 
610 2 0 |a firmy cvičné 
100 1 |a Halienková, Alenka